Dom smútku, Pezinok

Uložené v:
Podrobná bibliografia
Hlavný autor: Kozáková, Barbora (Autor)
Ďalší autori: Kusý, Martin (Vedúci práce)
Médium: Rukopis Kniha
Jazyk:Slovak
Vydavateľské údaje: Bratislava 2023
Predmet:
On-line prístup:http://is.stuba.sk/zp/portal_zp.pl?podrobnosti=155672
Tagy: Pridať tag
Žiadne tagy, Buďte prvý, kto otaguje tento záznam!

MARC

LEADER 00000ntm a22000003a 4500
001 stuzp94105
003 SK-STU
005 20231004095011.9
007 ta
008 150427s2015----xo-----f-mn---000-0-slo-d
040 |a STU  |b slo 
041 0 |a slo 
100 1 |a Kozáková, Barbora  |u 051110  |4 aut  |U FAD Fakulta architektúry a dizajnu  |T FAD Ústav architektúry obytných budov  |X 103603  |U A1110  |Y 392  |7 103603 
242 0 1 |a Funeral Hall, Pezinok  |y eng 
245 1 0 |a Dom smútku, Pezinok 
260 |c 2023  |a Bratislava 
650 4 |a záhrada  |2 slo 
650 4 |a Dom smútku  |2 slo 
650 4 |a atmosféra  |2 slo 
650 4 |a betón  |2 slo 
650 4 |a Funeral hall  |2 eng 
650 4 |a garden  |2 eng 
650 4 |a atmosphere  |2 eng 
650 4 |a concrete  |2 eng 
700 1 |a Kusý, Martin  |u 051110  |k Z8  |4 ths  |U FAD Fakulta architektúry a dizajnu  |T FAD Ústav architektúry obytných budov  |X 3763  |U A1110  |Y 392  |7 A000003763 
856 4 |u http://is.stuba.sk/zp/portal_zp.pl?podrobnosti=155672  |u https://opac.crzp.sk/?fn=detailBiblioForm&sid=C03CB0FBA6588971DA382AD1B6BF